00565nmm a2200169Ia 4500008004100000020001500041041000800056100002300064245011000087264007800197300001800275490001300293650001600306856004900322942000700371999001700378251105s9999||||xx |||||||||||||||||und|| a8479087668 aspa aMarcilla Gomis, A. 0aIntroducción a las operaciones de separación. Cálculo por etapas de equilibrio :b (2.ª edición) a[Madrid, España] :bPublicaciones de la Universidad de Alicante, c2003 a224 páginas aCiencias aEngineering uhttps://public.digitaliapublishing.com/a/706 cCF c73611d73611